00833nam a2200265Ia 450000500170000000800410001702000150005802000180007304100080009108200140009910000320011324500580014525000220020326400290022530000260025433600270028033700330030733800280034049000130036850000520038165000250043365000360045865000380049404000350053220220317001803.0170328s2016 ck g 000 0 spa  a9584251988 a9789584251985 aspa04a928bA72a1 aArenas, Reinaldod1943-199010aAntes que anochezcabautobiografíacReinaldo Arenas aPrimera edición 1aBogotábTusquetsc2016 a343 páginasc23 cm. atextobtxt2rdacontent asin mediaciónbn2rdamedia avolumenbnc2rdacarrier aAndanzas aIncluye datos biográficos del autor en solapa142LEMBaAutobiografias142LEMBaAutores cubanosySiglo XX142LEMBaLiteratura cubanaySiglo XX aCO-BoRNBPbspaerdacCO-BoRNBP